00449nam a2200145Ia 4500008004100000020001800041082001500059100001600074245003200090260001200122500001600134942000700150952013100157999001500288260604s9999 xx 000 0 und d a9780143444343 a823.92 MUR aSudha murty 0aHere, There and Every Where bPenguin aSudha murty cBK 00104070aIIMVbIIMVcGENERALd2026-06-04g1299.00l0o823.92 MURp004349r2026-06-04 10:21:25v1299.00w2026-06-04yBKBMUR c8731d8731